[Event "Indywidualne Mistrzostwa Polski Juniorek - D16"]
[Site "Szczyrk"]
[Date "2013-03-21"]
[Round "6.1"]
[White "Harazinska, Ewa"]
[Black "Murawko, Katarzyna"]
[Result "1-0"]
[WhiteTitle "k"]
[BlackTitle "I++"]
[WhiteElo "2019"]
[BlackElo "1873"]

1. e4 c5 2. Nf3 e6 3. c4 d6 4. d4 Nd7 5. Nc3 Ngf6 6. Be2 a6 7. a4 Qc7 8. O-O Be7
9. d5 Ne5 10. Nd2 exd5 11. cxd5 O-O 12. f4 Ng6 13. Nc4 b6 14. g4 Rb8 15. f5 Ne5
16. Nxe5 dxe5 17. g5 Nd7 18. Qd3 Qd6 19. Bd2 Re8 20. Qg3 Bd8 21. Rf3 Nf8 22. Raf1
Kh8 23. Kh1 Kg8 24. Qg2 Kh8 25. R1f2 Kg8 26. Qf1 f6 27. gxf6 Bxf6 28. Bxa6 Bxa6
29. Qxa6 Ra8 30. Qc4 Kh8 31. Nb5 Qd7 32. b3 Red8 33. Rg2 Qf7 34. Bg5 Qh5 35. Bxf6
gxf6 36. Rfg3 Nd7 37. d6 Rab8 38. Rg1 Qh6 39. Nc7 Qf8 40. Ne6 Qe8 41. Nxd8 1-0

[Event "Indywidualne Mistrzostwa Polski Juniorek - D16"]
[Site "Szczyrk"]
[Date "2013-03-21"]
[Round "6.2"]
[White "Wozniak, Mariola"]
[Black "Kiolbasa, Oliwia"]
[Result "1-0"]
[WhiteTitle "WCM"]
[BlackTitle "WFM"]
[WhiteElo "1982"]
[BlackElo "1897"]

1. e4 c6 2. d4 d5 3. Nc3 dxe4 4. Nxe4 Bf5 5. Ng3 Bg6 6. h4 h6 7. Nf3 Nd7 8. h5
Bh7 9. Bd3 Bxd3 10. Qxd3 e6 11. Bf4 Qa5+ 12. Bd2 Bb4 13. Ne4 Ngf6 14. Nd6+ Ke7
15. Nc4 Bxd2+ 16. Nfxd2 Qc7 17. O-O-O Rhd8 18. f4 Kf8 19. Ne5 Kg8 20. Ndf3 Nc5
21. Qe3 Nd5 22. Qf2 Ne4 23. Qe1 f5 24. Nd2 Nxd2 25. Qxd2 c5 26. g3 Nb4 27. Qe1
Nxa2+ 28. Kb1 Nb4 29. Nd3 Nxd3 30. Qxe6+ Qf7 31. Qxf7+ Kxf7 32. Rxd3 Rxd4 33.
Rxd4 cxd4 34. Rd1 Rd8 35. c3 d3 36. Kc1 Rd6 37. Kd2 Re6 38. Ra1 Re2+ 39. Kxd3
Rxb2 40. Rxa7 g6 41. c4 gxh5 42. Kd4 Ke6 43. Ra5 Rd2+ 44. Kc5 Kd7 45. Kb6 Rb2+
46. Rb5 Rxb5+ 47. cxb5 Kc8 48. Kc5 Kc7 49. b6+ Kd7 50. Kd5 1-0

[Event "Indywidualne Mistrzostwa Polski Juniorek - D16"]
[Site "Szczyrk"]
[Date "2013-03-21"]
[Round "6.3"]
[White "Kozaczynska, Aleksandra"]
[Black "Dadello, Aleksandra"]
[Result "1/2-1/2"]
[WhiteTitle "I"]
[BlackTitle "I++"]
[WhiteElo "1552"]
[BlackElo "1909"]

1. e4 e6 2. d4 d5 3. exd5 exd5 4. Bd3 Nc6 5. c3 Bd6 6. Qf3 Nf6 7. h3 Qe7+ 8. Ne2
Ne4 9. Bf4 Bxf4 10. Qxf4 g5 11. Qe3 f5 12. Nd2 f4 13. Qf3 Bf5 14. O-O-O O-O-O
15. g3 Rhf8 16. gxf4 gxf4 17. Rde1 Nxd2 18. Kxd2 Bxd3 19. Kxd3 Qf7 20. Kd2 Ne7
21. Nc1 Rfe8 22. Re2 Ng6 23. Rhe1 c6 24. Nd3 Rxe2+ 25. Rxe2 Kc7 26. Nc5 Re8 27.
Rxe8 Qxe8 28. Qg4 Qf7 29. Nd3 Qf6 30. Nc5 Qf7 31. Nd3 Kd6 32. Qh5 Qe7 33. Qg4
Qf7 34. Qh5 Qe7 35. Qg4 Qf7 36. Qh5 Qe7 37. Qg4 1/2-1/2

[Event "Indywidualne Mistrzostwa Polski Juniorek - D16"]
[Site "Szczyrk"]
[Date "2013-03-21"]
[Round "6.4"]
[White "Wojna, Ewelina"]
[Black "Maruszczak, Joanna"]
[Result "0-1"]
[WhiteTitle "II+"]
[BlackTitle "I++"]
[WhiteElo "1572"]
[BlackElo "1803"]

1. d4 Nf6 2. c4 g6 3. Nc3 Bg7 4. e4 d6 5. Nf3 O-O 6. Be2 Nbd7 7. O-O e5 8. Re1
c6 9. Bf1 Qe7 10. d5 c5 11. Bg5 h6 12. Bh4 Rd8 13. Rb1 g5 14. Bg3 Nf8 15. Nd2
Ng6 16. a3 h5 17. f3 Bh6 18. b4 b6 19. Nb3 h4 20. Bf2 g4 21. bxc5 bxc5 22. Na5
Bd7 23. Rb7 Qf8 24. Be2 gxf3 25. Bxf3 Qg7 26. Re2 Ng4 27. Reb2 Nxf2 28. Kxf2 Bf4
29. g3 hxg3+ 30. hxg3 Bg5 31. Qh1 Bc8 32. R7b3 Rf8 33. Nb5 Bd8 34. Nc6 Bd7 35.
Nbxa7 f5 36. Ke1 f4 37. Rg2 Rxa7 38. Nxa7 Ba5+ 39. Ke2 Ba4 40. Nc6 Bxb3 41. Nxa5
Ba4 42. g4 Ra8 43. Nc6 Bxc6 44. dxc6 Rxa3 45. Qd1 Qc7 46. Qd5+ Kg7 47. g5 Qe7
48. Rg4 Nf8 49. Rh4 Ne6 50. Bh5 Rg3 51. Kf2 Rxg5 52. Rg4 Rxg4 53. Bxg4 Qh4+ 54.
Kf1 Qxg4 55. Qxd6 Qf3+ 56. Kg1 Qe3+ 57. Kh2 Qf2+ 58. Kh1 Qf1+ 59. Kh2 Qe2+ 60.
Kg1 Qg4+ 61. Kf1 Qh3+ 62. Kf2 Qh2+ 63. Kf1 Qh3+ 64. Kf2 Qe3+ 65. Kf1 Qf3+ 66.
Kg1 Qg3+ 67. Kf1 Qf3+ 68. Kg1 Qg3+ 69. Kf1 f3 70. Qe7+ Kh8 71. Qxe6 Qg2+ 72. Ke1
Qe2+ 0-1

[Event "Indywidualne Mistrzostwa Polski Juniorek - D16"]
[Site "Szczyrk"]
[Date "2013-03-21"]
[Round "6.5"]
[White "Bebnik, Malgorzata"]
[Black "Jedrocha, Katarzyna"]
[Result "0-1"]
[WhiteTitle "II+"]
[BlackTitle "I"]
[WhiteElo "1503"]
[BlackElo "1668"]

1. e4 e5 2. Nf3 Nf6 3. Nc3 Nc6 4. Bc4 Bc5 5. d3 h6 6. Be3 Bb6 7. h3 d6 8. O-O Be6
9. Bb3 O-O 10. Qd2 d5 11. exd5 Nxd5 12. Nxd5 Bxd5 13. Bxd5 Qxd5 14. Rfe1 Rfe8
15. Nh2 f5 16. f4 Bxe3+ 17. Qxe3 e4 18. Red1 exd3 19. Rxd3 Qc4 20. Qf2 Re4 21.
Rd7 Rae8 22. Qg3 R8e7 23. Rxe7 Rxe7 24. c3 Re2 25. b3 Qc5+ 26. Kh1 Re3 27. Nf3
Rxc3 28. Rd1 Rc1 29. Rxc1 Qxc1+ 30. Kh2 Qe3 31. Qh4 a5 32. Kg3 Qe7 33. Qh5 Qf7
34. Qh4 a4 35. bxa4 Qxa2 36. Qh5 Qf7 37. Qh4 Kf8 38. Kh2 Qc4 39. a5 Qb5 40. Qe1
Qxa5 41. Qe6 Ne7 42. Qd7 Qa8 43. Qxc7 b5 44. Qd6 Qc6 45. Qd8+ Qe8 46. Qd6 Kg8
47. Ne5 Kh7 48. Qe6 Qd8 49. Nf7 Qc7 50. Nd6 b4 51. Kg3 Ng6 52. h4 Qc3+ 53. Kh2
Qd4 54. g3 Qf2+ 55. Kh1 Qxg3 56. Nxf5 Qh3+ 57. Kg1 Nxh4 58. Qe4 Qxf5 0-1

[Event "Indywidualne Mistrzostwa Polski Juniorek - D16"]
[Site "Szczyrk"]
[Date "2013-03-21"]
[Round "6.6"]
[White "Czaplewska, Klara"]
[Black "Rudnik, Anna"]
[Result "0-1"]
[WhiteTitle "I++"]
[BlackTitle "I"]
[WhiteElo "1730"]
[BlackElo "1593"]

1. e4 e5 2. Nf3 Nc6 3. Bb5 a6 4. Ba4 Nf6 5. d4 exd4 6. O-O Nxe4 7. Re1 d5 8. Nxd4
Bd6 9. Nxc6 Bxh2+ 10. Kf1 Qh4 11. Qf3 O-O 12. Nd4 Bg4 13. Rxe4 dxe4 14. Qxe4 Bd6
15. f3 Qh1+ 16. Kf2 Qxc1 17. Qxg4 Qxb2 18. Nb3 Qxc2+ 19. N1d2 b5 0-1

[Event "Indywidualne Mistrzostwa Polski Juniorek - D16"]
[Site "Szczyrk"]
[Date "2013-03-21"]
[Round "6.7"]
[White "Pastuszko, Kinga"]
[Black "Sokolowska, Anna"]
[Result "1-0"]
[WhiteTitle "k"]
[BlackTitle "I"]
[WhiteElo "1917"]
[BlackElo "1526"]

1. Nf3 Nf6 2. g3 g6 3. Bg2 Bg7 4. d3 O-O 5. O-O c5 6. Nbd2 d6 7. e4 Qc7 8. a4 Nc6
9. Nc4 Be6 10. Qe2 d5 11. Bf4 Qc8 12. Ncd2 dxe4 13. dxe4 Nh5 14. c3 Nxf4 15. gxf4
Bh3 16. Ne1 Bxg2 17. Kxg2 Bh6 18. Nd3 Nd8 19. Nc4 Ne6 20. Qf3 Qc7 21. Ne3 Bxf4
22. Nd5 Qd6 23. N5xf4 Nxf4+ 24. Nxf4 b6 25. Rad1 Qc7 26. Nd5 Qb7 27. Qf4 Rad8
28. Qe5 Rd7 29. Rd2 Rfd8 30. Nxe7+ Kf8 31. Nd5 Rxd5 32. Rxd5 Rxd5 33. Qxd5 Qc7
34. e5 Ke7 35. Qd6+ Qxd6 36. exd6+ 1-0

[Event "Indywidualne Mistrzostwa Polski Juniorek - D16"]
[Site "Szczyrk"]
[Date "2013-03-21"]
[Round "6.8"]
[White "Kopica, Paulina"]
[Black "Skrzypczak, Edyta"]
[Result "1-0"]
[WhiteTitle "I"]
[BlackTitle "II+"]
[WhiteElo "1706"]
[BlackElo "1526"]

1. e4 c6 2. d4 d5 3. e5 Bf5 4. h4 h6 5. g4 Bh7 6. e6 fxe6 7. Bh3 e5 8. dxe5 e6
9. g5 Qd7 10. Ne2 Ne7 11. Nf4 Nf5 12. g6 Bg8 13. h5 Na6 14. Nc3 O-O-O 15. Bd2
Be7 16. Qg4 Bg5 17. O-O-O Qc7 18. Rhe1 Kb8 19. Kb1 Qe7 20. Ng2 Rf8 21. f4 Bh4
22. Nxh4 Nxh4 23. Bf1 Nc7 24. Be3 Nf5 25. Bf2 Ne8 26. Rd2 Nc7 27. Red1 Ka8 28.
Qg1 a6 29. Bc5 Qd8 30. Bxf8 Qxf8 31. Qb6 Qb8 32. Na4 Ne7 33. Qc5 Qe8 34. Rd3 Nc8
35. Rb3 Qd7 36. Qb4 Nb5 37. c4 Nba7 38. Nc5 Qc7 39. Nxb7 a5 40. Nxa5 c5 41. Qa3
Nb6 42. Bg2 Kb8 43. Qa4 Qd8 44. Nc6+ Nxc6 45. Qxc6 1-0

[Event "Indywidualne Mistrzostwa Polski Juniorek - D16"]
[Site "Szczyrk"]
[Date "2013-03-21"]
[Round "6.9"]
[White "Gora, Antonina"]
[Black "Rogacka, Natalia"]
[Result "1-0"]
[WhiteTitle "I++"]
[BlackTitle "II+"]
[WhiteElo "1831"]
[BlackElo "1484"]

1. e4 c5 2. Nf3 d6 3. d4 cxd4 4. Nxd4 Nf6 5. Bd3 e6 6. c4 Be7 7. Nc3 a6 8. O-O
O-O 9. Be3 Nc6 10. Nc2 Qc7 11. b3 Re8 12. f3 b6 13. Qd2 Bb7 14. Rfd1 Rad8 15.
Qf2 Nd7 16. Na4 Nc5 17. Bf1 Rc8 18. Rab1 Ne5 19. Nb2 Bc6 20. Nd4 Qb8 21. Nxc6
Rxc6 22. h3 a5 23. f4 Ned7 24. Qf3 Rcc8 25. Nd3 Nxd3 26. Bxd3 Nc5 27. Bc2 Rcd8
28. a3 Qc7 29. b4 axb4 30. axb4 Nd7 31. Bb3 Ra8 32. Qe2 Ra3 33. Bc1 Ra7 34. Qd3
Rea8 35. Bb2 Bf8 36. Bc2 e5 37. f5 Nf6 38. g4 h6 39. Bb3 Qc6 40. Re1 Rc8 41. Rbc1
Qe8 42. Qe2 Qe7 43. Rc3 Nh7 44. Qf2 Rb7 45. h4 Qd8 46. Rh3 Rcc7 47. Rd1 Qe7 48.
Qg3 Rb8 49. Bc1 Nf6 50. Qg2 Nh7 51. g5 Kh8 52. Rg3 hxg5 53. hxg5 Qd7 54. Qh2 d5
1-0

[Event "Indywidualne Mistrzostwa Polski Juniorek - D16"]
[Site "Szczyrk"]
[Date "2013-03-21"]
[Round "6.10"]
[White "Wicikowska, Agata"]
[Black "Lascar, Radoslawa"]
[Result "0-1"]
[WhiteTitle "I"]
[BlackTitle "I"]
[WhiteElo "1495"]
[BlackElo "1728"]

1. d4 Nf6 2. Nf3 e6 3. Bg5 c5 4. c3 Nc6 5. e3 d5 6. Bd3 Be7 7. Nbd2 Qb6 8. Qb1
h6 9. Bh4 Bd7 10. O-O O-O 11. Ne5 Nxe5 12. dxe5 Ne4 13. Bxe4 Bxh4 14. Bc2 Bc6
15. Nb3 Be7 16. f4 f5 17. h3 Kh8 18. Kh2 Rf7 19. Bd1 g6 20. Qc2 Rg8 21. g3 Rfg7
22. Bf3 Ba4 23. Qf2 a6 24. Nc1 Bd8 25. Qd2 a5 26. Ne2 Bb5 27. Rg1 Bxe2 28. Qxe2
c4 29. Kg2 Be7 30. Kf2 Bc5 31. Rae1 Qa7 32. Qd2 b5 33. g4 b4 34. h4 Be7 35. g5
h5 36. Rc1 Bc5 37. Rge1 Rb8 38. Re2 Rgb7 39. Qd1 a4 40. Qd2 Qb6 41. Qd1 Qa6 42.
Rd2 bxc3 43. bxc3 a3 44. Rdc2 Rb2 45. Qd2 Qa4 46. Bd1 Qc6 47. Bf3 Qa4 48. Bd1
Qa7 49. Qe2 Qc7 50. Qd2 Qa5 51. Ke2 Qa7 52. Kf2 Qc7 53. Qe2 Qa5 54. Qd2 Qa7 55.
Qe2 Qd7 56. Qd2 Qc7 57. Qe2 Qc6 58. Qe1 Ba7 59. Bf3 Qa6 60. Bd1 Qa5 61. Qd2 Qa6
62. Qe1 Qc6 63. Bf3 Qa4 64. Bd1 Qc6 65. Bf3 Qc7 66. Bd1 Qc6 67. Bf3 Qa4 68. Bd1
Qc6 69. Bf3 Rxc2+ 70. Rxc2 Qb5 71. Qc1 Bc5 72. Bd1 Qb1 73. Qxb1 Rxb1 74. Bf3 Kg7
75. Ke2 Rb2 76. Rd2 Kf7 77. Bg2 Bb6 78. Bf3 Ba5 79. Kd1 Rb1+ 80. Kc2 Ra1 81. Rd1
Rxa2+ 82. Kb1 Rb2+ 83. Ka1 Bxc3 84. Rc1 Bd2 85. Rd1 Bxe3 86. Bxd5 exd5 87. Rxd5
Rd2 88. e6+ Ke7 89. Ra5 a2 90. Ra7+ Ke8 91. Re7+ Kd8 92. Rd7+ Rxd7 0-1

[Event "Indywidualne Mistrzostwa Polski Juniorek - D16"]
[Site "Szczyrk"]
[Date "2013-03-21"]
[Round "6.11"]
[White "Burakowska, Gabriela"]
[Black "Mielczarek, Joanna"]
[Result "1-0"]
[WhiteTitle "I"]
[BlackTitle "I"]
[WhiteElo "1648"]
[BlackElo "1470"]

1. d4 Nf6 2. Nf3 g6 3. Bf4 Bg7 4. e3 O-O 5. c4 d6 6. Nc3 Nbd7 7. Be2 Qe8 8. Nb5
Qd8 9. O-O c6 10. Nc3 a5 11. h3 Qc7 12. c5 Ne8 13. Rc1 Qd8 14. cxd6 Nxd6 15. d5
cxd5 16. Nxd5 e5 17. Nc7 Ra7 18. Qxd6 exf4 19. exf4 Bxb2 20. Rc2 Bg7 21. Rd1 Qf6
22. Nb5 Ra6 23. Qd2 Re6 24. Ng5 Re7 25. Nd6 Nb6 26. Nde4 Qf5 27. Rc5 Qd7 28. Qxa5
Qa4 29. Qxb6 Qxa2 30. Qb5 h6 31. Bc4 Qb2 32. Qxb2 Bxb2 33. Nxf7 Be6 34. Bxe6 Rxe6
35. Nxh6+ Kg7 36. Ng5 Re7 37. Ng4 Rxf4 38. Rcd5 Bf6 39. Nxf6 Kxf6 40. Nf3 Kg7
41. Rd7 Rff7 42. Rxe7 Rxe7 43. Kf1 b5 44. Rb1 Rb7 45. Rb4 Kf6 46. Nd4 1-0

[Event "Indywidualne Mistrzostwa Polski Juniorek - D16"]
[Site "Szczyrk"]
[Date "2013-03-21"]
[Round "6.13"]
[White "Wilk, Oktawia"]
[Black "Kasperek, Kinga"]
[Result "1-0"]
[WhiteTitle "I"]
[BlackTitle "I"]
[WhiteElo "1506"]
[BlackElo "1558"]

1. e4 c5 2. Nf3 Nc6 3. d4 cxd4 4. Nxd4 g6 5. Nc3 Bg7 6. Be3 Nf6 7. Be2 O-O 8. O-O
d5 9. exd5 Nb4 10. d6 Qxd6 11. Ncb5 Qb8 12. c4 a6 13. Nc3 e5 14. Nc2 Nxc2 15.
Qxc2 Bf5 16. Qb3 Rd8 17. Rfd1 Ng4 18. Bb6 Rxd1+ 19. Rxd1 e4 20. Rd8+ Qxd8 21.
Bxd8 Rxd8 22. h3 Ne5 23. Qxb7 e3 24. fxe3 Nd3 25. Bxd3 Rxd3 26. Qa8+ Bf8 27. Qxa6
Rxe3 28. Nd5 Re6 29. Qb5 Bg7 30. Qb8+ Bf8 31. c5 Kg7 32. b4 Bd3 33. Nf4 Re1+ 34.
Kf2 Rf1+ 35. Ke3 Bc4 36. a3 Rb1 37. Qe5+ Kg8 38. Qb8 Kg7 39. Kd4 Bf1 40. Qc7 Rd1+
41. Kc3 Kh6 42. Kc2 Ra1 43. Qxf7 Bg7 44. Ne6 Ra2+ 45. Kb3 Rb2+ 46. Ka4 1-0

[Event "Indywidualne Mistrzostwa Polski Juniorek - D16"]
[Site "Szczyrk"]
[Date "2013-03-21"]
[Round "6.14"]
[White "Ziemba, Magdalena"]
[Black "Fraczek, Weronika"]
[Result "1-0"]
[WhiteTitle "I"]
[BlackTitle "II+"]
[WhiteElo "1537"]
[BlackElo "1435"]

1. d4 d5 2. c4 c6 3. Nf3 Nf6 4. Nc3 e6 5. Bg5 h6 6. Bh4 Nbd7 7. e3 Be7 8. Bd3 O-O
9. O-O g6 10. Qc2 Kg7 11. e4 dxe4 12. Nxe4 g5 13. Bg3 Nxe4 14. Bxe4 f5 15. Be5+
Nxe5 16. Nxe5 fxe4 17. Qxe4 Qe8 18. f4 Bf6 19. fxg5 hxg5 20. Rf3 Bxe5 21. Qxe5+
Kg6 22. Qe4+ Kg7 23. Raf1 Rxf3 24. Qe5+ Kg6 25. Rxf3 Qe7 26. Qe4+ Kg7 27. Rh3
Qf6 28. Qh7+ Kf8 29. Rf3 Qxf3 30. gxf3 b6 31. Qh6+ Kf7 32. Qxg5 Ba6 33. Qf4+ Ke7
34. Qc7+ Kf6 35. b3 Rg8+ 36. Kf2 Rg7 37. Qe5+ Kf7 38. Qh5+ Kf8 39. h4 Bc8 40.
Qh8+ Rg8 41. Qf6+ Ke8 42. h5 Rf8 43. Qg6+ Ke7 44. h6 Rf6 45. Qg5 Kf7 46. Qg7+
1-0

[Event "Indywidualne Mistrzostwa Polski Juniorek - D16"]
[Site "Szczyrk"]
[Date "2013-03-21"]
[Round "6.15"]
[White "Bebel, Agnieszka"]
[Black "Jaskiewicz, Kamila"]
[Result "1/2-1/2"]
[WhiteTitle "II+"]
[BlackTitle "I"]
[WhiteElo "1507"]
[BlackElo "1663"]

1. e4 c5 2. Nf3 e6 3. c4 a6 4. d4 cxd4 5. Nxd4 Nf6 6. Nc3 Bb4 7. Bd3 Nc6 8. Nde2
Qc7 9. O-O Ne5 10. Kh1 O-O 11. f4 Nxd3 12. Qxd3 d6 13. Be3 Bd7 14. Rac1 Bc5 15.
Bxc5 Qxc5 16. h3 Rfd8 17. b3 Bc6 18. Ng3 Rac8 19. Qb1 Qd4 20. Qc2 Qa7 21. e5 Ne8
22. Qe2 Qd4 23. exd6 Nxd6 24. Qe5 Qd2 25. Qe2 Ne8 26. Qxd2 Rxd2 27. Nge2 Nf6 28.
Rfd1 Rcd8 29. Rxd2 Rxd2 30. Rd1 Rxd1+ 31. Nxd1 Ne4 32. Ndc3 f5 33. Kg1 Kf7 34.
Nxe4 Bxe4 35. Nc3 Bc6 36. Kf2 e5 37. fxe5 Ke6 38. g3 Kxe5 39. Ke3 g5 40. Ne2 Be4
41. a3 h6 42. b4 h5 43. b5 axb5 44. cxb5 h4 45. gxh4 f4+ 46. Kf2 gxh4 47. Ng1
Bf5 48. Nf3+ Ke4 49. Nxh4 Bxh3 50. Ng6 Bg4 51. a4 b6 52. Ne7 Bd1 53. Nc8 Bxa4
54. Nxb6 Bxb5 55. Nc8 Ke5 56. Ne7 Be8 57. Nc8 Kd5 58. Ne7+ 1/2-1/2

[Event "Indywidualne Mistrzostwa Polski Juniorek - D16"]
[Site "Szczyrk"]
[Date "2013-03-21"]
[Round "6.16"]
[White "Szczesniak, Zuzanna"]
[Black "Lapa, Aleksandra"]
[Result "1/2-1/2"]
[WhiteTitle "II"]
[BlackTitle "I"]
[WhiteElo "1421"]
[BlackElo "1549"]

1. c4 Nf6 2. Nc3 g6 3. g3 Bg7 4. Bg2 O-O 5. e4 d6 6. Nge2 e5 7. O-O Be6 8. d3 Nc6
9. f4 Qd7 10. Nd5 Bxd5 11. cxd5 Ne7 12. fxe5 dxe5 13. Bg5 Ne8 14. Qb3 Nd6 15.
Rac1 f6 16. Be3 Kh8 17. d4 c6 18. dxc6 Nxc6 19. dxe5 Nxe5 20. Rfd1 Rfd8 21. Bc5
Qb5 22. Qxb5 Nxb5 23. Nd4 Nxd4 24. Bxd4 Nc6 25. Bc3 Rxd1+ 26. Rxd1 Rd8 27. Rxd8+
Nxd8 28. Kf2 Kg8 29. Bf1 Kf7 30. Bc4+ Ke7 31. Ke3 Nc6 32. Bd5 Kd6 33. g4 g5 34.
b4 b5 35. Bxc6 Kxc6 36. Kf3 Kd6 37. Ke3 Kc6 38. Kf3 Kd6 39. Ke3 Kc6 40. Kf3 Kd6
41. Ke3 1/2-1/2

[Event "Indywidualne Mistrzostwa Polski Juniorek - D16"]
[Site "Szczyrk"]
[Date "2013-03-21"]
[Round "6.17"]
[White "Prokopowicz, Anna"]
[Black "Burdzy, Joanna"]
[Result "0-1"]
[WhiteTitle "I"]
[BlackTitle "I"]
[WhiteElo "1347"]
[BlackElo "1529"]

1. e4 e5 2. Nf3 Nc6 3. Bc4 Bc5 4. c3 Nf6 5. d3 O-O 6. O-O h6 7. Nbd2 d6 8. Bb3
a6 9. Re1 Be6 10. Bc2 Ba7 11. Nf1 Ne7 12. h3 Ng6 13. d4 Qc8 14. Ng3 h5 15. Ng5
h4 16. Nf5 Re8 17. Nf3 Nxe4 18. Nxg7 Nxf2 19. Kxf2 Kxg7 20. Qd3 Rh8 21. Bg5 Qd7
22. Nh2 Rae8 23. Qf3 f5 24. Ng4 Ref8 25. Ne3 exd4 26. cxd4 Bxd4 27. Qxb7 f4 28.
Qe4 Bxe3+ 29. Rxe3 fxe3+ 30. Kxe3 Bf5 31. Qd4+ Kh7 32. Bb3 Re8+ 33. Kd2 Qb5 34.
Bc4 Qb4+ 35. Qc3 Qxc3+ 36. Kxc3 Be4 37. Rf1 Rhf8 38. Rd1 Bxg2 39. Bxa6 Bxh3 40.
a4 Rf3+ 41. Kc2 Bf5+ 42. Kc1 Rf2 43. Bb5 c6 44. Ba6 Rb8 45. Bf6 Rc2+ 46. Kb1 Rcxb2+
47. Kc1 Rc2# 0-1

[Event "Indywidualne Mistrzostwa Polski Juniorek - D16"]
[Site "Szczyrk"]
[Date "2013-03-21"]
[Round "6.18"]
[White "Kotula, Magdalena"]
[Black "Swiech, Zuzanna"]
[Result "1-0"]
[WhiteTitle "I"]
[BlackTitle "II"]
[WhiteElo "1520"]
[BlackElo "1481"]

1. e4 e5 2. Nf3 Nc6 3. Bb5 Qe7 4. O-O Nd8 5. Nc3 c6 6. Bc4 g6 7. d4 d6 8. Bg5 Nf6
9. d5 Bg7 10. Qd2 O-O 11. h3 Qc7 12. dxc6 bxc6 13. Rad1 Nb7 14. Bh6 Be6 15. Bxg7
Kxg7 16. Bb3 Bxb3 17. cxb3 Rad8 18. Qg5 h6 19. Qe3 Nc5 20. Nxe5 Ncxe4 21. Nxe4
Nxe4 22. Qxe4 dxe5 23. Rc1 Rc8 24. Rc5 Rfe8 25. Rfc1 Re6 26. b4 Qd6 27. b5 f5
28. Qa4 cxb5 29. Qxa7+ Re7 30. Qxe7+ Qxe7 31. Rxc8 Qb4 32. R1c6 h5 33. R8c7+ Kh6
34. Rc2 Qe1+ 35. Kh2 Qa5 36. b3 Qb4 37. Rb7 Qf4+ 38. Kg1 Qe4 39. Rbc7 Qe1+ 40.
Kh2 Qe4 41. R7c5 Qd3 42. R5c3 Qd6 43. Rc6 Qd4 44. Re6 Kg5 45. Ra6 e4 46. h4+ Kh6
47. Rcc6 Qg7 48. Rxg6+ Qxg6 49. Rxg6+ Kxg6 50. a4 bxa4 51. bxa4 f4 52. a5 Kf5
53. a6 e3 54. fxe3 fxe3 55. Kg1 Kf4 56. Kf1 1-0

[Event "Indywidualne Mistrzostwa Polski Juniorek - D16"]
[Site "Szczyrk"]
[Date "2013-03-21"]
[Round "6.19"]
[White "Rudol, Matylda"]
[Black "Ostrowska, Joanna"]
[Result "1/2-1/2"]
[WhiteTitle "II+"]
[BlackTitle "II+"]
[WhiteElo "1510"]
[BlackElo "1541"]

1. e4 e5 2. Nf3 Nc6 3. d4 exd4 4. Bc4 Be7 5. Nxd4 Ne5 6. Bb3 c5 7. Nf3 Ng6 8. Qd5
d6 9. Qxf7+ Kd7 10. Qxg7 Nf6 11. Nc3 b5 12. Nxb5 Qa5+ 13. Nc3 Bb7 14. Bd2 Qa6
15. Qf7 Kc7 16. Bc4 Qc6 17. Bd3 Raf8 18. Qb3 Nh5 19. O-O-O Nhf4 20. Bxf4 Nxf4
21. g3 Nxd3+ 22. Rxd3 c4 23. Nd5+ Kd8 24. Nd4 cxb3 25. Nxc6+ Bxc6 26. Rxb3 Bxd5
27. exd5 Kc7 28. Re1 Rf7 29. Ra3 Ra8 30. Rae3 Bg5 31. f4 Bf6 32. Re6 Rb8 33. c3
Rb5 34. Rd1 Kd7 35. Kc2 Rxd5 36. Rxd5 Kxe6 37. Ra5 Bd8 38. Rb5 Bb6 39. Rh5 Kf6
40. Rh6+ Ke7 41. Kd3 Kd7 42. b3 1/2-1/2

[Event "Indywidualne Mistrzostwa Polski Juniorek - D16"]
[Site "Szczyrk"]
[Date "2013-03-21"]
[Round "6.20"]
[White "Leszczewska, Edyta"]
[Black "Rylska, Kamila"]
[Result "1/2-1/2"]
[WhiteTitle "II"]
[BlackTitle "II"]
[WhiteElo "1389"]
[BlackElo "1348"]

1. e4 e5 2. Nf3 Nc6 3. Bc4 Bc5 4. Nc3 d6 5. h3 Nf6 6. d3 h6 7. Be3 Bb6 8. Bxb6
axb6 9. O-O O-O 10. d4 exd4 11. Nxd4 Re8 12. Re1 Ne5 13. Bb3 Bd7 14. f4 Ng6 15.
Qf3 c5 16. Ndb5 Bxb5 17. Nxb5 Qd7 18. a4 Qc6 19. Qg3 Nf8 20. e5 dxe5 21. fxe5
N6d7 22. Nd6 Re7 23. Nxf7 c4 24. Qh4 Qc5+ 25. Kh1 cxb3 26. Nd6 Rxe5 27. Rxe5 Qxe5
28. Nc4 Qc5 29. cxb3 Qb4 30. Qg3 b5 31. Nd6 bxa4 32. Nf5 g6 33. Nxh6+ Kh7 34.
Nf7 Ra5 35. Ng5+ Kh6 36. Nf7+ Kg7 37. Ng5 Qb5 38. h4 Qe5 39. Qf2 Qf5 40. Qd4+
Qe5 41. Qxe5+ Nxe5 42. bxa4 b5 43. b3 bxa4 44. Rxa4 Rxa4 45. bxa4 Nc4 46. Ne4
Ne6 47. Kg1 Nd4 48. Kf2 Nf5 49. g3 Kf7 50. Kf3 Ke6 51. Kf4 Kf7 52. h5 Ne7 53.
hxg6+ Nxg6+ 54. Kf5 Ne3+ 55. Kg5 Ne5 56. Kh5 Ke6 57. g4 Kd5 58. Nc3+ Kc5 59. Kg5
Kb4 1/2-1/2

[Event "Indywidualne Mistrzostwa Polski Juniorek - D16"]
[Site "Szczyrk"]
[Date "2013-03-21"]
[Round "6.21"]
[White "Rynkiewicz, Natalia"]
[Black "Jasiak, Katarzyna"]
[Result "1-0"]
[WhiteTitle "II"]
[BlackTitle "II"]
[WhiteElo "1357"]
[BlackElo "1213"]

1. e4 e5 2. Nf3 Nc6 3. Bc4 Bc5 4. c3 Nf6 5. d4 exd4 6. e5 Qe7 7. O-O Ne4 8. cxd4
Bb6 9. Re1 f5 10. exf6 gxf6 11. Nfd2 d5 12. Bxd5 f5 13. Qh5+ Kf8 14. Nxe4 fxe4
15. Bh6+ 1-0